English Football League Cup Winners - Statistics

General Stats
  • This quiz has been taken 2,258 times
    1,841 since last reset
  • The average score is 52 of 62
Answer Stats
Year Winner % Correct
1981 Liverpool
99%
1982 Liverpool
99%
1983 Liverpool
99%
1984 Liverpool
99%
1995 Liverpool
99%
2001 Liverpool
99%
2003 Liverpool
99%
2012 Liverpool
99%
2022 Liverpool
99%
1970 Manchester City
99%
1976 Manchester City
99%
2014 Manchester City
99%
2016 Manchester City
99%
2018 Manchester City
99%
2019 Manchester City
99%
2020 Manchester City
99%
2021 Manchester City
99%
1992 Manchester United
99%
2006 Manchester United
99%
2009 Manchester United
99%
2010 Manchester United
99%
2017 Manchester United
99%
1965 Chelsea
98%
1998 Chelsea
98%
2005 Chelsea
98%
2007 Chelsea
98%
2015 Chelsea
98%
1987 Arsenal
97%
1993 Arsenal
97%
1971 Tottenham Hotspur
95%
1973 Tottenham Hotspur
95%
1999 Tottenham Hotspur
95%
2008 Tottenham Hotspur
95%
1961 Aston Villa
84%
1975 Aston Villa
84%
1977 Aston Villa
84%
1994 Aston Villa
84%
1996 Aston Villa
84%
1964 Leicester City
83%
1997 Leicester City
83%
2000 Leicester City
83%
1978 Nottingham Forest
81%
1979 Nottingham Forest
81%
1989 Nottingham Forest
81%
1990 Nottingham Forest
81%
1968 Leeds United
79%
1974 Wolverhampton Wanderers
72%
1980 Wolverhampton Wanderers
72%
2002 Blackburn Rovers
68%
1963 Birmingham City
67%
2011 Birmingham City
67%
1962 Norwich City
64%
1985 Norwich City
64%
1991 Sheffield Wednesday
61%
2013 Swansea City
60%
1966 West Bromwich Albion
56%
1967 Queens Park Rangers
52%
2004 Middlesbrough
51%
1972 Stoke City
49%
1988 Luton Town
34%
1986 Oxford United
30%
1969 Swindon Town
27%
No matching quizzes found
Score Distribution
Percent of People with Each Score
Percentile by Number Answered
Your Score History
You have not taken this quiz since the last reset